000 01127nam a2200289 i 4500
001 195937
003 ES-MaACL
005 20250815143858.0
008 240803s2018 sp ||||| |||| 00| 0 spa d
017 _aCU 56-2018
040 _aES-MaACL
_cES-MaACL
245 _aPinturas contemporáneas de Jesús Mateo :
_bensayos /
_cGustavo Bueno, [y ocho más]
260 _aCuenca :
_bCentro de Arte de Pintura Mural de Alcarcón,
_c2018.
300 _a393 p. ;
_c21 cm
336 _2rdacontent
_aTexto
337 _2rdamedia
_asin mediación
338 _2rdacarrier
_avolumen
600 0 _9237368
_aMateo, Jesús,
_d1971-
650 0 _aPintura mural-
_zAlarcón (Cuenca)
_9237370
650 4 _aPoesías españolas
_ys. XX
_916221
700 1 _9160678
_aBueno, Gustavo,
_d1924-2016
_eaut
852 _aES-MaACL
_bR.153513
_cDEPOJ
_jN-9060
_hDonación: Editorial
_xEncuadernación rústica
_9204475
942 _cMONOGRAFIA
_n0
954 _iTatiana Alejandra de Castro Pérez
999 _c195937
_d195937